MUDFLOW GEOLOGY AND DUMMIES / (Record no. 587413)
[ view plain ]
| 000 -LEADER | |
|---|---|
| fixed length control field | 00325nam a22001337a 4500 |
| 020 ## - INTERNATIONAL STANDARD BOOK NUMBER | |
| Qualifying information | HB. |
| 040 ## - CATALOGING SOURCE | |
| Transcribing agency | FIZZA ISHAQ |
| 082 ## - DEWEY DECIMAL CLASSIFICATION NUMBER | |
| Classification number | 551.307 |
| Author Mark | PHI |
| 100 ## - MAIN ENTRY--PERSONAL NAME | |
| Personal name | COUSSOT, PHILIPPE. |
| 9 (RLIN) | 86785 |
| 245 ## - TITLE STATEMENT | |
| Title | MUDFLOW GEOLOGY AND DUMMIES / |
| Statement of responsibility, etc. | PHILIPPE COUSSOT. |
| 260 ## - PUBLICATION, DISTRIBUTION, ETC. | |
| Place of publication, distribution, etc. | NEW YORK : |
| Date of publication, distribution, etc. | 1997. |
| 300 ## - PHYSICAL DESCRIPTION | |
| Extent | 255 P. ; |
| 942 ## - ADDED ENTRY ELEMENTS (KOHA) | |
| Source of classification or shelving scheme | |
| Koha item type | Book |
| Withdrawn status | Lost status | Source of classification or shelving scheme | Damaged status | Not for loan | Permanent Location | Current Location | Date acquired | Total Checkouts | Full call number | Barcode | Date last seen | Price effective from | Koha item type |
|---|---|---|---|---|---|---|---|---|---|---|---|---|---|
| NUST Baluchistan Campus (NBC) | NUST Baluchistan Campus (NBC) | 12/17/2021 | 551.307 PHI | Q-2219 | 12/17/2021 | 12/17/2021 | Book |
